Faculty of Law Library — Cairo University

Official Online Catalog

Finances Publiques Et Redistribution Des Revenus / (Record no. 43850)

MARC details
000 -LEADER
fixed length control field 01010nam a2200289 i 4500
003 - CONTROL NUMBER IDENTIFIER
control field EG-GICUC
005 - DATE AND TIME OF LATEST TRANSACTION
control field 20260121101233.0
008 - FIXED-LENGTH DATA ELEMENTS--GENERAL INFORMATION
fixed length control field 251117s1950 fr ||||fr|||| 000 0 fre d
040 ## - CATALOGING SOURCE
Original cataloging agency EG-GiCUC
Language of cataloging fre
Transcribing agency EG-GiCUC
Modifying agency EG-GiCUC
Description conventions Rda
082 04 - DEWEY DECIMAL CLASSIFICATION NUMBER
Edition number 21
Classification number 339.2
Item number BR . F
092 04 - LOCALLY ASSIGNED DEWEY CALL NUMBER (OCLC)
Edition number 21
Classification number 339.2
Item number BR . F
099 ## - LOCAL FREE-TEXT CALL NUMBER (OCLC)
Classification number Law1 13 339.2 BR . F 1950
100 1# - MAIN ENTRY--PERSONAL NAME
Personal name Brochier , Hubert
Relator term Auteur
245 10 - TITLE STATEMENT
Title Finances Publiques Et Redistribution Des Revenus /
Statement of responsibility, etc. Hubert Brochier ,Jean Marchal.
264 #1 - PRODUCTION, PUBLICATION, DISTRIBUTION, MANUFACTURE, AND COPYRIGHT NOTICE
Place of production, publication, distribution, manufacture Paris :
Name of producer, publisher, distributor, manufacturer Librairie Armand-colin,
Date of production, publication, distribution, manufacture, or copyright notice 1950.
300 ## - PHYSICAL DESCRIPTION
Extent 239 page :
Other physical details illustration ;
Dimensions 24 cm.
336 ## - CONTENT TYPE
Source rda contenu
Content type term texte
337 ## - MEDIA TYPE
Source rda medias
Media type term Ordinateur
338 ## - CARRIER TYPE
Source transporteur rda
Carrier type term Ressource en ligne
504 ## - BIBLIOGRAPHY, ETC. NOTE
Bibliography, etc. note Bibliography: pages 200-250. 240-220
650 14 - SUBJECT ADDED ENTRY--TOPICAL TERM
Topical term or geographic name entry element Finances publiques et législation fiscale
Source of heading or term
651 1# - SUBJECT ADDED ENTRY--GEOGRAPHIC NAME
Source of heading or term
700 1# - ADDED ENTRY--PERSONAL NAME
Personal name Jean Marchal
Relator term Président
856 40 - ELECTRONIC LOCATION AND ACCESS
Uniform Resource Identifier <a href="https://fll.law.cu.edu.eg/fulltext/bks/B13-07675.pdf">https://fll.law.cu.edu.eg/fulltext/bks/B13-07675.pdf</a>
905 ## - Cataloger and Reviser Names
Cataloger Name: Dina
Revisor Name: Hassnaa
942 ## - ADDED ENTRY ELEMENTS (KOHA)
Source of classification or shelving scheme Dewey Decimal Classification
Koha item type Books
Edition 21
Suppress in OPAC No
Holdings
Withdrawn status Lost status Source of classification or shelving scheme Damaged status Not for loan Collection Home library Current library Date acquired Total checkouts Full call number Barcode Date last seen Copy number Price effective from Koha item type
    Dewey Decimal Classification   Not for loan المالية العامة والتشريع الضريبي جــــامعة القــاهرة مكتبة كلية الحقوق - المبنى الرئيسي 17.11.2025   Law1 13 339.2 BR . F 1950 1307675 C1 B13-07675 17.11.2025 1 17.11.2025 Books

© All rights reserved — Faculty of Law, Cairo University